| 000 | 00522nam a22001697a 4500 | ||
|---|---|---|---|
| 020 | _a9781541655704 | ||
| 082 |
_a519.5 _bSPI |
||
| 100 | _aSpiegelhalter, David | ||
| 245 |
_aThe Art of Statistics: how to learn from data _cDavid Spiegelhalter, |
||
| 260 |
_aNew York: _bBasic Books; _c2021. |
||
| 300 | _a426p. | ||
| 563 | _aPB. | ||
| 650 |
_aStatistics _aalgorithms _9123671 |
||
| 650 |
_aE-BOOKBANK.SEECSTEXTBOOK _9125472 |
||
| 856 | _uhttp://10.250.8.41:8080/xmlui/handle/123456789/41787 | ||
| 942 |
_2ddc _cBK |
||
| 999 |
_c609792 _d609792 |
||